The amulet and the anthem (Record no. 21466)

000 -LEADER
fixed length control field 00386nam a22001457a 4500
003 - CONTROL NUMBER IDENTIFIER
control field OSt
005 - DATE AND TIME OF LATEST TRANSACTION
control field 20251022162055.0
008 - FIXED-LENGTH DATA ELEMENTS--GENERAL INFORMATION
fixed length control field 251022b xxua|||j|||||z00| j eng d
040 ## - CATALOGING SOURCE
Transcribing agency csuc
082 ## - DEWEY DECIMAL CLASSIFICATION NUMBER
Edition number 813.52 [2020]
Classification number T374
100 #4 - MAIN ENTRY--PERSONAL NAME
Personal name The amulet and the anthem.
245 ## - TITLE STATEMENT
Title The amulet and the anthem
300 ## - PHYSICAL DESCRIPTION
Extent [pages unnumbered] :
Other physical details color illustrations ; 26 cm.
942 ## - ADDED ENTRY ELEMENTS (KOHA)
Source of classification or shelving scheme
Koha item type Books
Holdings
Price effective from Permanent Location Date last seen Not for loan Date acquired Source of classification or shelving scheme Koha item type Collection code Shelving location Barcode Damaged status Lost status Withdrawn status Current Location Full call number
2025-10-22Cagayan State University - Carig Library2025-10-22 2025-10-22 BooksChildren SectionChildren SectionC000057   Cagayan State University - Carig LibraryT374

Cagayan State University University Library, Carig Campus
Tuguegarao City, Cagayan 3500 | www.csucarig.edu.ph

Powered by Koha